000 00753nam a2200205Ia 4500
005 20260121110145.0
008 008 260114s9999 xx 000 0 hin d
020 _a9788132355892
037 _aEBOOK
040 _aCRL
_bhin
_cCRL
041 _ahin
_2hin
084 _qCRL
100 _aअभिमन्यु सिंह / Abhimanyu Singh
_9942739
245 0 _aलोक साहित्य: सांस्कृतिक एवं सामाजिक प्रतिमान / Lok Sahitya: Sanskritik aur Samajik Pratimaan
260 _bभाषा प्रकाशन / Bhasha Prakashan
_c2021
856 _uhttps://bhashaprakashan.com/product-details/378726
942 _cEBOOK
999 _c1534404
_d1534404